000 00785nam a22002057a 4500
008 150326b xxu||||| |||| 00| 0 eng d
020 _a0894536265
050 _aBX4700.F6C65 1989
100 _aCook, W.R.
_916673
245 _aFrancis of Assisi:
_bthe way of poverty and humility
_c /by William R. Cook
260 _aWilmington, Delaware
_bMichael Glazier
_c1989
300 _a135p. ;
_c22cm.
440 _aThe Way of the Christian mystics
_nno.8
_916674
650 _aFrancis, of Assisi, Saint, 1182-1226
_98904
650 _aChristian saints
_xAssisi
_xBiography
_zItaly
_916675
650 _aMysticism
_xHistory
_zItaly
_916676
650 _aMysticism
_xHistory
_xMiddle ages, 600-1500
_916677
700 _aNoel Dermot O'Donoghue (series ed.)
_916678
942 _2lcc
_cMONOGRAPH
999 _c122522
_d122522